Statistics for Democratic Candidates 2016

Click here to take the quiz!

General Stats

  • This quiz has been taken 28 times
  • The average score is 3 of 6

Answer Stats

HintAnswer% Correct
SenatorBernie Sanders
100%
Former Secretary of StateHillary Clinton
100%
Former GovernorMartin O'Malley
58%
Former SenatorJim Webb
33%
Former GovernorLincoln Chafee
25%
Harvard ProfessorLawrence Lessig
17%

Score Distribution

Percentile by Number Answered

Percent of People with Each Score

Your Score History

You have not taken this quiz